000 00354 a2200109 4500
020 _a8183210945
082 _a333.913 GAU
100 _aGautam,U.S
245 _aParticipatory Irrigation Management : Communication Strategies and skill development /
_cU.S.Gautam , A.K. Singh
260 _aUdaipur:
_cATPA,
_b2008.
300 _a248p. :
_bill. ;
_c24 cm.
650 _airrigation management.
999 _c924
_d924